| 000 | 01035nam a22002537a 4500 | ||
|---|---|---|---|
| 001 | EIF-IX-2016-M1-004 | ||
| 003 | OSt | ||
| 005 | 20221228085811.0 | ||
| 008 | 221227b |||||||| |||| 00| 0 eng d | ||
| 040 |
_aFundación Jesús Pereda _cFundación Jesús Pereda |
||
| 041 | _aCastellano | ||
| 100 |
_uUniversidad del País Vasco _aMota Zurdo, David _9857 |
||
| 111 |
_aEncuentro de Investigadores del Franquismo _c(Granada _d2016. _n9º) _9101 |
||
| 245 |
_aUnidos frente al totalitarismo. _b El tour propagandístico del Lehendakari Aguirre por Latinoamérica de _f1942 _c/David Mota Zurdo |
||
| 600 | 0 |
_9858 _aAguirre, José Antonio |
|
| 610 | 0 |
_9529 _aPartido Nacionalista Vasco (PNV) |
|
| 650 | 0 |
_9547 _aExilio |
|
| 650 | 0 |
_9179 _aPropaganda |
|
| 651 | 0 |
_9859 _aAmérica _zLatinoamérica |
|
| 651 | 0 |
_9118 _aPaís Vasco |
|
| 773 |
_tActas del IX Encuentro de Investigadores del Franquismo _g42-52 p. |
||
| 856 | _uhttps://bibliotecaccoocyl.fundacionjesuspereda.es/cgi-bin/koha/opac-retrieve-file.pl?id=b439c24d8b630942b59ce1bff854f295 | ||
| 942 |
_2ddc _cCF _n0 |
||
| 999 |
_c516 _d516 |
||